Pääkaupunkien nimiä neljällä kirjaimella - Statistics

Yleistilastot
  • Tätä visaa on pelattu 612 kertaa
    484 viimeisimmän päivityksen jälkeen
  • Keskiarvotulos 19 / 35
Vastaustilastot
kirjaimet pääkaupunki % Oikein
A M O R Rooma
80%
A B K U Baku
78%
I K O T Tokio
77%
E I N W Wien
77%
A I L M Lima
75%
L O U S Soul
73%
A B D G Bagdad
71%
L N O T Lontoo
71%
B E N R Bern
68%
A H P R Praha
64%
A I K R Riika
64%
A D H K Dhaka
63%
A D H O Doha
63%
A I R D Riad
60%
A B J U Juba
59%
A M N P Panama
58%
A E N T Ateena
57%
A K N R Ankara
53%
A L P Z La Paz
52%
A O T W Ottawa
51%
A D K R Dakar
50%
A B J U Abuja
48%
A H N V Havanna
48%
A B R T Rabat
47%
A S U V Suva
46%
A E L M Male
45%
A C R S Caracas
40%
E L M O Lome
36%
E K O T Kotte
33%
A N S T Astana
31%
A D M O Dodoma
30%
A I P R Praia
30%
A E H R Harare
26%
A M R S Asmara
21%
A N S U Nassau
21%
Ehtoja vastaavia visoja ei löytynyt
Tulosjakauma
Jokaisen tuloksen saaneiden osuus
Persentiili vastausten määrän mukaan
Tuloshistoriasi
Et ole pelannut tätä visaa sen viimeisimmän päivityksen jälkeen